[Event "SA-2012-0-00286"]
[Site "LSS email"]
[Date "2012.08.01"]
[Round "?"]
[White "Hardy, David G"]
[Black "Silva Filho, Alcindo Luz Bastos"]
[Result "0-1"]
[WhiteElo "2016"]
[BlackElo "2111"]
[PlyCount "48"]
[EventDate "2012.07.23"]
[EventType "tourn (corr)"]
[EventRounds "6"]
[EventCountry "GER"]
[SourceTitle "Telechess CBM 165"]
[Source "ChessBase"]
[SourceDate "2015.03.11"]
[SourceVersion "1"]
[SourceVersionDate "2015.03.11"]
[SourceQuality "1"]

1. e4 c5 2. c3 d5 3. exd5 Qxd5 4. d4 e6 5. Na3 Nf6 6. Be3 Nbd7 7. Nf3 a6 8. Bc4 Qc6 9. 0-0 b5 10. Be2 Bb7 11. Nc2 c4 12. Bf4 Nd5 13. Bg3 Be7 14. Qd2 0-0 15. Ne3 Rfd8 16. Nxd5 Qxd5 17. Qe3 Rac8 18. Bh4 Nf6 19. a4 b4 20. cxb4 h6 21. Qe5 g5 22. Bg3 Ne4 23. b5 Qd7 24. bxa6 Bd5 0-1

[Event "SA-2012-0-00286"]
[Site "LSS email"]
[Date "2012.08.01"]
[Round "?"]
[White "Kolanek, Roman"]
[Black "Hardy, David G"]
[Result "1-0"]
[WhiteElo "2089"]
[BlackElo "2016"]
[PlyCount "71"]
[EventDate "2012.07.23"]
[EventType "tourn (corr)"]
[EventRounds "6"]
[EventCountry "GER"]
[SourceTitle "Telechess CBM 165"]
[Source "ChessBase"]
[SourceDate "2015.03.11"]
[SourceVersion "1"]
[SourceVersionDate "2015.03.11"]
[SourceQuality "1"]

1. d4 e6 2. e4 d5 3. Nc3 Bb4 4. a3 Bxc3+ 5. bxc3 dxe4 6. Qg4 Nf6 7. Qxg7 Rg8 8. Qh6 b6 9. Bg5 Rg6 10. Qh4 Bb7 11. Ne2 h6 12. Bxh6 Rg4 13. Qh3 Nc6 14. c4 Qe7 15. Bc1 0-0-0 16. Qc3 Rgg8 17. h4 Nh5 18. Bg5 f6 19. Be3 Kb8 20. g3 Ba6 21. 0-0-0 e5 22. Bg2 Qh7 23. Rhe1 Qf5 24. dxe5 fxe5 25. Rxd8+ Rxd8 26. Bg5 Rf8 27. Qe3 Nf6 28. Nc3 Bxc4 29. Bxf6 Rxf6 30. Nxe4 Rf8 31. Nd2 Nd4 32. Qe4 Qxe4 33. Bxe4 Ba6 34. h5 Rxf2 35. h6 Rf8 36. g4 1-0

[Event "SA-2012-0-00285"]
[Site "LSS email"]
[Date "2012.07.31"]
[Round "?"]
[White "Hardy, David G"]
[Black "Lizorkina, Veronika"]
[Result "1/2-1/2"]
[WhiteElo "2016"]
[BlackElo "2081"]
[PlyCount "71"]
[EventDate "2012.07.18"]
[EventType "tourn (corr)"]
[EventRounds "6"]
[EventCountry "GER"]
[SourceTitle "Telechess CBM 159"]
[Source "ChessBase"]
[SourceDate "2014.03.17"]
[SourceVersion "1"]
[SourceVersionDate "2014.03.17"]
[SourceQuality "1"]

1. e4 c5 2. c3 Nf6 3. e5 Nd5 4. d4 cxd4 5. Nf3 d6 6. cxd4 e6 7. Bc4 Nc6 8. 0-0 Be7 9. Qe2 0-0 10. Nc3 dxe5 11. dxe5 Nxc3 12. bxc3 Qc7 13. Bd3 b6 14. Qe4 g6 15. Bh6 Rd8 16. Rad1 Rd5 17. Qf4 Nxe5 18. Nxe5 Qxe5 19. Be4 Qxf4 20. Bxf4 Bb7 21. Bxd5 Bxd5 22. Be3 Rc8 23. Bd4 f6 24. f4 Rc4 25. g4 b5 26. Bxa7 g5 27. Rb1 gxf4 28. Rxb5 Kf7 29. Ra5 Bd6 30. Bd4 Bc6 31. Rc1 e5 32. Bf2 Kg6 33. h3 h5 34. Rd1 Bf8 35. gxh5+ Kxh5 36. Rd4 1/2-1/2

[Event "LSS SA-2010-0-00138"]
[Site "LSS email"]
[Date "2010.07.04"]
[Round "?"]
[White "Hardy, David G"]
[Black "Ederer, Karel"]
[Result "0-1"]
[WhiteElo "2034"]
[BlackElo "2144"]
[PlyCount "88"]
[EventDate "2010.06.05"]
[EventType "tourn (corr)"]
[EventRounds "6"]
[EventCountry "GER"]
[SourceTitle "Telechess CBM 143"]
[Source "ChessBase"]
[SourceDate "2011.07.15"]
[SourceVersion "1"]
[SourceVersionDate "2011.07.15"]
[SourceQuality "1"]

1. e4 e5 2. Nc3 Nf6 3. Bc4 Bc5 4. d3 d6 5. Qf3 c6 6. Bg5 Nbd7 7. Nge2 b5 8. Bb3 h6 9. Be3 0-0 10. 0-0 Bxe3 11. Qxe3 a5 12. a4 b4 13. Nb1 Nc5 14. Nd2 Nxb3 15. Nxb3 Ng4 16. Qd2 f5 17. exf5 Bxf5 18. Ng3 Be6 19. h3 Nf6 20. d4 Nd7 21. dxe5 Nxe5 22. Nd4 Bd5 23. b3 Ng6 24. Ndf5 Qd7 25. Ne3 Bf3 26. Ne2 Nh4 27. Nd4 Rae8 28. Nxf3 Rxf3 29. Qd4 Rxh3 30. f3 Re5 31. Rad1 Qe7 32. gxh3 Rxe3 33. Qf4 d5 34. Rf2 Kh7 35. Rdf1 g6 36. Kh1 c5 37. Rg1 d4 38. Qg4 h5 39. Qf4 Re5 40. Kh2 Kg7 41. Kh1 Qf6 42. Qg3 Kh6 43. f4 Re3 44. Qg5+ Kg7 0-1

[Event "LSS SA-2010-0-00121"]
[Site "LSS email"]
[Date "2010.03.05"]
[Round "?"]
[White "Hardy, David G"]
[Black "Giurgiu, Nicolas T"]
[Result "1/2-1/2"]
[WhiteElo "2037"]
[BlackElo "2017"]
[PlyCount "35"]
[EventDate "2010.02.09"]
[EventType "tourn (corr)"]
[EventRounds "6"]
[EventCountry "GER"]
[SourceTitle "Corr 2013"]
[Source "ChessBase"]
[SourceDate "2012.11.12"]
[SourceVersion "1"]
[SourceVersionDate "2012.11.12"]
[SourceQuality "1"]

1. e4 e5 2. Nc3 Nf6 3. Bc4 Nc6 4. d3 Bb4 5. Bg5 h6 6. Bxf6 Qxf6 7. Nge2 Na5 8. 0-0 c6 9. a3 Bxc3 10. Nxc3 Nxc4 11. dxc4 d6 12. Qd3 0-0 13. Rad1 Rd8 14. b3 Bg4 15. f3 Be6 16. Rf2 Qg5 17. Qd2 Rd7 18. Qxg5 1/2-1/2

[Event "LSS SA-2010-0-00121"]
[Site "LSS email"]
[Date "2010.03.01"]
[Round "?"]
[White "Dard, Michel"]
[Black "Hardy, David G"]
[Result "1/2-1/2"]
[WhiteElo "2123"]
[BlackElo "2034"]
[PlyCount "86"]
[EventDate "2010.02.09"]
[EventType "tourn (corr)"]
[EventRounds "6"]
[EventCountry "GER"]
[SourceTitle "Corr 2013"]
[Source "ChessBase"]
[SourceDate "2012.11.12"]
[SourceVersion "1"]
[SourceVersionDate "2012.11.12"]
[SourceQuality "1"]

1. d4 Nf6 2. Nf3 g6 3. c4 Bg7 4. Nc3 0-0 5. e4 d6 6. Be2 e5 7. 0-0 Nc6 8. d5 Ne7 9. Nd2 a5 10. a3 Nd7 11. Rb1 f5 12. f3 Kh8 13. Rf2 f4 14. b4 axb4 15. axb4 g5 16. c5 Rf6 17. cxd6 cxd6 18. Nc4 Nb6 19. Na5 h5 20. Nb5 Rg6 21. Kh1 g4 22. Bf1 g3 23. Rc2 gxh2 24. Kxh2 h4 25. Rbb2 Rb8 26. Na7 Bd7 27. N7c6 bxc6 28. dxc6 Ra8 29. cxd7 Qxd7 30. Nc4 Nxc4 31. Rxc4 Qb7 32. b5 Qb6 33. Qc2 h3 34. Qf2 hxg2 35. Bxg2 Qb7 36. Qc2 Bf6 37. b6 Rag8 38. Rc7 Qb8 39. b7 Rxg2+ 40. Qxg2 Qxc7 41. Qxg8+ Nxg8 42. b8Q Qxc1 43. Rg2 Qc4 1/2-1/2

[Event "LSS RA-2010-0-00082"]
[Site "LSS email"]
[Date "2010.02.23"]
[Round "?"]
[White "Kesselheim, Peter"]
[Black "Hardy, David G"]
[Result "1/2-1/2"]
[WhiteElo "2178"]
[BlackElo "2042"]
[PlyCount "81"]
[EventDate "2010.01.30"]
[EventType "tourn (corr)"]
[EventRounds "6"]
[EventCountry "GER"]
[SourceTitle "Corr 2013"]
[Source "ChessBase"]
[SourceDate "2012.11.12"]
[SourceVersion "1"]
[SourceVersionDate "2012.11.12"]
[SourceQuality "1"]

1. d4 Nf6 2. c4 g6 3. Nc3 Bg7 4. e4 d6 5. Nf3 0-0 6. Be2 e5 7. 0-0 Nc6 8. d5 Ne7 9. h3 Ne8 10. Qc2 f5 11. Rd1 h6 12. exf5 gxf5 13. Rb1 Ng6 14. b4 a5 15. bxa5 Rxa5 16. Nb5 b6 17. a4 Nh4 18. Nxh4 Qxh4 19. Bd2 Ra8 20. a5 bxa5 21. c5 Rf7 22. Rb3 f4 23. cxd6 cxd6 24. Qc6 Bb7 25. Qc4 Bc8 26. Qc6 Bb7 27. Qc4 Bc8 28. Ra1 Bf5 29. Rxa5 Rc8 30. Qb4 Bf8 31. Rg3+ Kh8 32. Rga3 Rg7 33. Ra7 Be7 34. Bf1 Rb8 35. Ra8 Rxa8 36. Rxa8 Rg8 37. Qc3 Nf6 38. Rxg8+ Kxg8 39. f3 Ne8 40. Qc6 Qh5 41. Bb4 1/2-1/2

[Event "IECG CP.2006.P.00004 email"]
[Site "IECG email"]
[Date "2006.10.01"]
[Round "?"]
[White "Hardy, David G"]
[Black "Law, Stephen"]
[Result "1/2-1/2"]
[WhiteElo "2110"]
[BlackElo "1767"]
[PlyCount "96"]
[EventDate "2006.10.01"]
[EventType "tourn (corr)"]
[EventRounds "6"]
[SourceTitle "Corr 2011"]
[Source "ChessBase"]
[SourceDate "2010.08.31"]
[SourceVersion "1"]
[SourceVersionDate "2010.08.31"]
[SourceQuality "1"]

1. e4 e5 2. Nf3 Nc6 3. Bb5 a6 4. Bxc6 dxc6 5. 0-0 f6 6. d4 exd4 7. Nxd4 c5 8. Ne2 Qxd1 9. Rxd1 Bd7 10. Nbc3 Ne7 11. Bf4 0-0-0 12. Bg3 Nc6 13. Nd5 Ne5 14. b3 Bd6 15. f3 Be6 16. Nef4 Bf7 17. Ne3 Rhe8 18. Kf1 c4 19. Nfd5 cxb3 20. axb3 c6 21. Nb6+ Kc7 22. Na4 b5 23. Nb2 Kb7 24. Ke2 Bc7 25. Nd3 Nxd3 26. Bxc7 Kxc7 27. Rxd3 Rxd3 28. Kxd3 Kb6 29. g4 Rd8+ 30. Kc3 a5 31. h4 c5 32. g5 b4+ 33. Kb2 Rd2 34. gxf6 gxf6 35. Ng4 c4 36. bxc4 Bxc4 37. Nxf6 Kb5 38. Rc1 Rf2 39. Nxh7 Bd3 40. Ng5 a4 41. Ne6 Bc4 42. Nd4+ Kc5 43. Rd1 Rh2 44. Kb1 Rxh4 45. Kb2 Rh2 46. Kb1 Be2 47. Nxe2 Rxe2 48. Rf1 Kd6 1/2-1/2

[Event "IECG CP.2004.Q.00018 email"]
[Site "IECG email"]
[Date "2006.01.20"]
[Round "?"]
[White "Hardy, David G"]
[Black "Manny, Rey"]
[Result "1/2-1/2"]
[WhiteElo "2132"]
[BlackElo "2259"]
[PlyCount "65"]
[EventDate "2006.01.20"]
[EventType "tourn (corr)"]
[EventRounds "6"]
[EventCountry "USA"]
[SourceTitle "Corr 2008"]
[Source "ChessBase"]
[SourceDate "2008.06.24"]
[SourceVersion "1"]
[SourceVersionDate "2008.06.24"]
[SourceQuality "1"]

1. e4 e6 2. d4 d5 3. Nc3 Nf6 4. e5 Nfd7 5. f4 c5 6. Nf3 Nc6 7. Be3 cxd4 8. Nxd4 Bc5 9. Qd2 0-0 10. 0-0-0 a6 11. Qf2 Bb4 12. Nce2 Na5 13. c3 Be7 14. Ng3 b5 15. Bd3 Bb7 16. Nh5 g6 17. Ng3 Nc4 18. h4 Nc5 19. Kb1 f6 20. Bxc4 bxc4 21. exf6 Bxf6 22. Nc6 Bxc6 23. Bxc5 Rf7 24. h5 g5 25. fxg5 Bxg5 26. Qe2 Qc7 27. Qg4 h6 28. Be3 Rb8 29. Bxg5 hxg5 30. Rdf1 Rxf1+ 31. Rxf1 Qe5 32. Ne2 Rf8 33. Rxf8+ 1/2-1/2

[Event "IECG WC.2006.S.00006 email"]
[Site "IECG email"]
[Date "2004.07.18"]
[Round "?"]
[White "Hardy, David G"]
[Black "Percze, Janos"]
[Result "0-1"]
[WhiteElo "2143"]
[BlackElo "2342"]
[PlyCount "84"]
[EventDate "2004.07.18"]
[EventType "tourn (corr)"]
[EventRounds "10"]
[SourceTitle "Corr 2008"]
[Source "ChessBase"]
[SourceDate "2008.06.24"]
[SourceVersion "1"]
[SourceVersionDate "2008.06.24"]
[SourceQuality "1"]

1. e4 c5 2. Nf3 d6 3. d4 cxd4 4. Nxd4 Nf6 5. Nc3 g6 6. Be3 Bg7 7. f3 0-0 8. Qd2 Nc6 9. Bc4 Bd7 10. 0-0-0 Rc8 11. Bb3 Ne5 12. g4 b5 13. g5 b4 14. Nce2 Nh5 15. Ng3 a5 16. Nxh5 gxh5 17. f4 a4 18. fxe5 axb3 19. Nxb3 Be6 20. exd6 Bxb3 21. axb3 Qa5 22. Qd5 Qa2 23. Kd2 Qxb2 24. dxe7 Rfe8 25. Ke2 Rxe7 26. Kf3 Rce8 27. Rd2 Rxe4 28. Qxe4 Rxe4 29. Kxe4 Qe5+ 30. Kf3 Qf5+ 31. Ke2 Qg4+ 32. Kf2 Be5 33. Rg1 Qe4 34. Rd3 Bxh2 35. Re1 Qf5+ 36. Kg2 Qg4+ 37. Kf1 Bg3 38. Bf2 Qh3+ 39. Ke2 h4 40. Rg1 Qg4+ 41. Kd2 Bf4+ 42. Ke1 Qc8 0-1

[Event "IECG WC.2006.S.00006 email"]
[Site "IECG email"]
[Date "2004.07.18"]
[Round "?"]
[White "Hardy, David G"]
[Black "Rocca, Horacio Daniel"]
[Result "1/2-1/2"]
[WhiteElo "2143"]
[BlackElo "2404"]
[PlyCount "49"]
[EventDate "2004.07.18"]
[EventType "tourn (corr)"]
[EventRounds "10"]
[SourceTitle "Corr 2008"]
[Source "ChessBase"]
[SourceDate "2008.06.24"]
[SourceVersion "1"]
[SourceVersionDate "2008.06.24"]
[SourceQuality "1"]

1. e4 c5 2. Nf3 d6 3. d4 cxd4 4. Nxd4 Nf6 5. Nc3 a6 6. Bc4 e6 7. 0-0 Be7 8. Bb3 0-0 9. f4 b5 10. Be3 b4 11. Na4 Bb7 12. e5 Nd5 13. Bxd5 Bxd5 14. Nf5 Nd7 15. Nxd6 Qa5 16. b3 f6 17. Qd4 Rad8 18. c4 bxc3 19. Nxc3 fxe5 20. fxe5 Nxe5 21. Nxd5 Qxd5 22. Qxd5 exd5 23. Nf5 Ba3 24. Bb6 Rd7 25. Rad1 1/2-1/2

[Event "IECG WC.2006.S.00006 email"]
[Site "IECG email"]
[Date "2004.07.18"]
[Round "?"]
[White "Hardy, David G"]
[Black "Winiarski, Michael L"]
[Result "1/2-1/2"]
[WhiteElo "2143"]
[BlackElo "2193"]
[PlyCount "171"]
[EventDate "2004.07.18"]
[EventType "tourn (corr)"]
[EventRounds "10"]
[SourceTitle "Corr 2008"]
[Source "ChessBase"]
[SourceDate "2008.06.24"]
[SourceVersion "1"]
[SourceVersionDate "2008.06.24"]
[SourceQuality "1"]

1. e4 Nf6 2. e5 Nd5 3. d4 d6 4. c4 Nb6 5. exd6 cxd6 6. Nc3 g6 7. Be3 Bg7 8. Rc1 0-0 9. b3 e6 10. Nf3 Nc6 11. Be2 Ne7 12. 0-0 Nf5 13. Bg5 f6 14. Bd2 Bd7 15. Re1 Re8 16. Qc2 Bc6 17. d5 exd5 18. cxd5 Bd7 19. a4 Rc8 20. a5 Na8 21. b4 Nc7 22. Qb3 a6 23. Bc4 Rxe1+ 24. Rxe1 Qf8 25. b5 axb5 26. Bxb5 Nxb5 27. Nxb5 Re8 28. Rb1 Bxb5 29. Qxb5 Re7 30. h3 Bh6 31. Bxh6 Qxh6 32. Qb6 Qf8 33. Qa7 Qc8 34. g4 Qc2 35. Rb4 Qe2 36. gxf5 Qxf3 37. Qa8+ Kg7 38. Rxb7 Qd1+ 39. Kh2 Qe1 40. Rxe7+ Qxe7 41. Qc6 Qe5+ 42. Kg2 Qe4+ 43. Kf1 Qb1+ 44. Ke2 Qe4+ 45. Kd2 Qb4+ 46. Kd3 Qxa5 47. Qxd6 Qb5+ 48. Kd4 Qb2+ 49. Kc4 Qc2+ 50. Kb5 Qxf5 51. Kc6 Qxf2 52. Qe7+ Kg8 53. Qe8+ Kg7 54. d6 Qf3+ 55. Kc7 Qc3+ 56. Qc6 Qe5 57. Kc8 Kf7 58. Qc7+ Kf8 59. h4 Qf5+ 60. Kd8 Qf4 61. Qe7+ Kg8 62. Qe6+ Kf8 63. Kc8 Qc1+ 64. Kd8 Qf4 65. Kc8 Qc1+ 66. Kd7 Qf4 67. Qe7+ Kg8 68. Qe6+ Kf8 69. Kd8 Qf3 70. Qc8 Qe3 71. Qc6 Qe5 72. Kc8 Qe6+ 73. Qd7 Qc4+ 74. Kd8 Qf4 75. Qc7 Kg8 76. d7 Qe4 77. Qc5 Kf7 78. h5 gxh5 79. Qxh5+ Kg7 80. Qc5 Kf7 81. Kc7 Qf4+ 82. Kc8 Qg4 83. Kc7 Qg3+ 84. Kb7 Qf3+ 85. Kb6 Qb3+ 86. Kc7 1/2-1/2

[Event "IECG CA.2004.0.00116 email"]
[Site "IECG email"]
[Date "2004.06.05"]
[Round "?"]
[White "Schormann, Conrad"]
[Black "Hardy, David G"]
[Result "0-1"]
[WhiteElo "2105"]
[BlackElo "2141"]
[PlyCount "62"]
[EventDate "2004.02.01"]
[EventType "tourn (corr)"]
[EventRounds "6"]
[SourceTitle "Corr 2008"]
[Source "ChessBase"]
[SourceDate "2008.06.24"]
[SourceVersion "1"]
[SourceVersionDate "2008.06.24"]
[SourceQuality "1"]

1. d4 Nf6 2. Nf3 g6 3. Bg5 Bg7 4. Nbd2 0-0 5. c3 d6 6. e4 c5 7. dxc5 dxc5 8. Be2 Nc6 9. 0-0 Qc7 10. Qc2 Rd8 11. a4 h6 12. Be3 b6 13. h3 Bb7 14. Rfe1 Rac8 15. Nc4 e5 16. Bf1 Rd7 17. Nh2 Rcd8 18. Ng4 Nxg4 19. hxg4 Ne7 20. a5 Bc6 21. axb6 axb6 22. Ra6 Nc8 23. Rea1 Bb5 24. R6a2 Nd6 25. Ra7 Qxa7 26. Rxa7 Rxa7 27. Nxb6 Ra1 28. c4 Nxc4 29. Nxc4 Rdd1 30. Kh2 Rxf1 31. Nd6 Bd7 0-1

[Event "IECG CA.2004.0.00125 email"]
[Site "IECG email"]
[Date "2004.05.16"]
[Round "?"]
[White "Hardy, David G"]
[Black "Lambert, Grant R"]
[Result "1/2-1/2"]
[WhiteElo "2131"]
[BlackElo "2165"]
[PlyCount "54"]
[EventDate "2004.05.16"]
[EventType "tourn (corr)"]
[EventRounds "6"]
[SourceTitle "Corr 2008"]
[Source "ChessBase"]
[SourceDate "2008.06.24"]
[SourceVersion "1"]
[SourceVersionDate "2008.06.24"]
[SourceQuality "1"]

1. d4 Nf6 2. Nf3 g6 3. Bg5 Bg7 4. Nbd2 0-0 5. c3 d6 6. e4 c5 7. dxc5 dxc5 8. Bc4 Nc6 9. Qe2 Qc7 10. e5 Ng4 11. e6 f6 12. Bh4 Nge5 13. Bg3 f5 14. Nxe5 Nxe5 15. Bxe5 Qxe5 16. Qxe5 Bxe5 17. Nf3 Bd6 18. 0-0-0 Kg7 19. Rhe1 Kf6 20. h4 h6 21. Kc2 b5 22. Bxb5 Bxe6 23. Bc6 Rad8 24. Bd5 Bc8 25. Nd2 e6 26. Bb3 Bc7 27. Bc4 e5 1/2-1/2

[Event "IECC CL2-2004.13 email"]
[Site "IECC email"]
[Date "2004.04.16"]
[Round "?"]
[White "Tew, Paul"]
[Black "Hardy, David G"]
[Result "1/2-1/2"]
[WhiteElo "2016"]
[BlackElo "2138"]
[PlyCount "43"]
[EventDate "2004.??.??"]
[EventType "tourn (corr)"]
[EventRounds "4"]
[SourceTitle "Corr 2008"]
[Source "ChessBase"]
[SourceDate "2008.06.24"]
[SourceVersion "1"]
[SourceVersionDate "2008.06.24"]
[SourceQuality "1"]

1. e4 e6 2. d4 d5 3. Nc3 Bb4 4. e5 c5 5. a3 Bxc3+ 6. bxc3 Ne7 7. Qg4 0-0 8. Bd3 Nbc6 9. Qh5 Ng6 10. Nf3 Qc7 11. Be3 c4 12. Bxg6 fxg6 13. Qg4 Bd7 14. h4 Rf5 15. h5 gxh5 16. Rxh5 Rxh5 17. Qxh5 Be8 18. Qh3 Nd8 19. Bg5 Bf7 20. Kd2 Qd7 21. Rh1 Bg6 22. Nh4 1/2-1/2

[Event "IECG CA.2004.0.00116 email"]
[Site "IECG email"]
[Date "2004.03.05"]
[Round "?"]
[White "Hardy, David G"]
[Black "Ventimiglia, Charles"]
[Result "1/2-1/2"]
[WhiteElo "2141"]
[BlackElo "1946"]
[PlyCount "46"]
[EventDate "2004.02.01"]
[EventType "tourn (corr)"]
[EventRounds "6"]
[SourceTitle "Corr 2008"]
[Source "ChessBase"]
[SourceDate "2008.06.24"]
[SourceVersion "1"]
[SourceVersionDate "2008.06.24"]
[SourceQuality "1"]

1. d4 Nf6 2. c4 e6 3. Nf3 d5 4. Bg5 h6 5. Bxf6 Qxf6 6. e3 c6 7. Nbd2 Nd7 8. Bd3 g5 9. 0-0 g4 10. Ne1 Qg5 11. cxd5 exd5 12. e4 Nf6 13. Qe2 dxe4 14. Nxe4 Nxe4 15. Bxe4 Be7 16. Qc4 0-0 17. d5 cxd5 18. Bxd5 Bf5 19. Rd1 Rac8 20. Qa4 Rcd8 21. Bxb7 Rxd1 22. Qxd1 Rb8 23. Qd5 Be6 1/2-1/2

[Event "IECG CA.2003.0.00086 email"]
[Site "IECG email"]
[Date "2003.03.16"]
[Round "?"]
[White "Ackley, Peter JE"]
[Black "Hardy, David G"]
[Result "1/2-1/2"]
[WhiteElo "2000"]
[BlackElo "2048"]
[PlyCount "92"]
[EventDate "2003.03.16"]
[EventType "tourn (corr)"]
[EventRounds "6"]
[SourceTitle "Corr 2008"]
[Source "ChessBase"]
[SourceDate "2008.06.24"]
[SourceVersion "1"]
[SourceVersionDate "2008.06.24"]
[SourceQuality "1"]

1. Nc3 e6 2. e4 d5 3. d4 Bb4 4. e5 c5 5. a3 Bxc3+ 6. bxc3 Ne7 7. Qg4 Qc7 8. Qxg7 Rg8 9. Qxh7 cxd4 10. Ne2 Nbc6 11. f4 Bd7 12. Qd3 dxc3 13. h4 Nf5 14. Rb1 0-0-0 15. h5 Na5 16. Rg1 Nc4 17. g4 Qc5 18. Qxc3 b5 19. Qb4 Qb6 20. a4 a6 21. axb5 Bxb5 22. Rb3 Kd7 23. Qc3 Rc8 24. gxf5 Rxg1 25. Nxg1 Qxg1 26. Qh3 Qd4 27. fxe6+ fxe6 28. Qg2 Re8 29. Qf2 Qe4+ 30. Kd1 Rc8 31. Rg3 Qh1 32. Rh3 Qxf1+ 33. Qxf1 Nb2+ 34. Bxb2 Bxf1 35. Rh2 Rg8 36. h6 Bg2 37. f5 Be4 38. f6 Ke8 39. Bc3 Kf7 40. Kc1 Rb8 41. Ba5 Bg6 42. Bc7 Rc8 43. Kb2 Bh7 44. Rg2 Rg8 45. Rg7+ Rxg7 46. hxg7 Bg6 1/2-1/2

[Event "IECG CA.2003.0.00086 email"]
[Site "IECG email"]
[Date "2003.03.16"]
[Round "?"]
[White "Hamalainen, Sami"]
[Black "Hardy, David G"]
[Result "0-1"]
[WhiteElo "2027"]
[BlackElo "2048"]
[PlyCount "74"]
[EventDate "2003.03.16"]
[EventType "tourn (corr)"]
[EventRounds "6"]
[SourceTitle "Corr 2008"]
[Source "ChessBase"]
[SourceDate "2008.06.24"]
[SourceVersion "1"]
[SourceVersionDate "2008.06.24"]
[SourceQuality "1"]

1. e4 e6 2. d4 d5 3. Nc3 Bb4 4. e5 c5 5. a3 Bxc3+ 6. bxc3 Ne7 7. Qg4 Qc7 8. Qxg7 Rg8 9. Qxh7 cxd4 10. Ne2 dxc3 11. f4 Bd7 12. Nd4 a6 13. Rb1 Nbc6 14. Nf3 d4 15. Bd3 Rxg2 16. Rg1 Rxg1+ 17. Nxg1 0-0-0 18. Qxf7 Qa5 19. Be4 Rh8 20. Nf3 d3 21. Bxd3 Qd5 22. Ng1 Be8 23. Qf6 Rg8 24. Be3 Qh1 25. Bf1 Qe4 26. Ne2 Qxe3 27. Qxe6+ Kb8 28. Qd6+ Ka8 29. Qc7 Qd2+ 30. Kf2 b5 31. Qb6 Nb8 32. Rb3 Bc6 33. Qd4 Qxc2 34. Rxc3 Qh7 35. Rh3 Qf7 36. Qd6 Nd5 37. Rg3 Nxf4 0-1

[Event "IECG CA.2003.0.00086 email"]
[Site "IECG email"]
[Date "2003.03.16"]
[Round "?"]
[White "Hardy, David G"]
[Black "Valverde Toresano, Andres"]
[Result "1-0"]
[WhiteElo "2048"]
[BlackElo "2153"]
[PlyCount "85"]
[EventDate "2003.03.16"]
[EventType "tourn (corr)"]
[EventRounds "6"]
[SourceTitle "Corr 2008"]
[Source "ChessBase"]
[SourceDate "2008.06.24"]
[SourceVersion "1"]
[SourceVersionDate "2008.06.24"]
[SourceQuality "1"]

1. e4 c5 2. Nf3 e6 3. d4 cxd4 4. Nxd4 a6 5. Nc3 Bc5 6. Nb3 Ba7 7. Bd3 Ne7 8. Qe2 Nbc6 9. Be3 Bxe3 10. Qxe3 Qc7 11. 0-0-0 d6 12. f4 Bd7 13. Rhe1 0-0-0 14. Kb1 Kb8 15. Rd2 e5 16. f5 f6 17. Be2 Be8 18. Bc4 g6 19. g4 g5 20. h4 h6 21. Rh1 Bd7 22. Rdh2 gxh4 23. Rxh4 Nd4 24. Nxd4 Qxc4 25. Nf3 Ng8 26. g5 fxg5 27. Nxg5 Nf6 28. Qd3 Qxd3 29. cxd3 Rhg8 30. Nf7 Rdf8 31. Nxd6 h5 32. a4 Rg3 33. R4h3 Rxh3 34. Rxh3 Rh8 35. Kc2 Ng4 36. Rh4 Bc6 37. b4 Rd8 38. Nc4 b5 39. axb5 axb5 40. Rxg4 bxc4 41. Rg6 cxd3+ 42. Kd2 Be8 43. Re6 1-0

[Event "IECG WC.2006.P.00016 email"]
[Site "IECG email"]
[Date "2003.01.22"]
[Round "?"]
[White "Hardy, David G"]
[Black "Dziedzina, Michael"]
[Result "1/2-1/2"]
[WhiteElo "2057"]
[BlackElo "2175"]
[PlyCount "119"]
[EventDate "2003.01.22"]
[EventType "tourn (corr)"]
[EventRounds "10"]
[SourceTitle "Corr 2008"]
[Source "ChessBase"]
[SourceDate "2008.06.24"]
[SourceVersion "1"]
[SourceVersionDate "2008.06.24"]
[SourceQuality "1"]

1. e4 c5 2. Nf3 d6 3. d4 cxd4 4. Nxd4 Nf6 5. Nc3 a6 6. Bc4 e6 7. 0-0 b5 8. Bb3 Be7 9. Qf3 Qc7 10. Qg3 Nc6 11. Nxc6 Qxc6 12. Re1 Bb7 13. Qxg7 Rg8 14. Qh6 0-0-0 15. Qh3 Kb8 16. f3 Rg6 17. Be3 Rdg8 18. Re2 h5 19. Rd1 Qc7 20. a3 Bc8 21. f4 Rg4 22. Qf3 Bb7 23. Kh1 Nxe4 24. Nxe4 f5 25. Ba7+ Kxa7 26. Qe3+ Ka8 27. Ng3 h4 28. Bxe6 hxg3 29. Bxg8 Rxg8 30. Qxe7 Bxg2+ 31. Kxg2 Qc6+ 32. Kg1 gxh2+ 33. Kxh2 Qf3 34. Qe8+ Rxe8 35. Rxe8+ Kb7 36. Rde1 Qxf4+ 37. Kg2 Qg4+ 38. Kf1 f4 39. R8e2 Qh3+ 40. Kg1 f3 41. Rf2 Qg4+ 42. Kf1 Qh5 43. Kg1 Qg5+ 44. Kh2 Qh4+ 45. Kg1 Qg4+ 46. Kh2 Qh4+ 47. Kg1 Qd4 48. c3 Qg4+ 49. Kh2 d5 50. Ref1 d4 51. cxd4 Qh4+ 52. Kg1 Qxd4 53. Kh2 Qh4+ 54. Kg1 a5 55. Rxf3 Qg5+ 56. Kh1 Qh6+ 57. Kg2 Qg7+ 58. Rg3 Qxb2+ 59. Rf2 Qe5 60. Rff3 1/2-1/2

[Event "IECG WC.2006.P.00016 email"]
[Site "IECG email"]
[Date "2003.01.22"]
[Round "?"]
[White "Hardy, David G"]
[Black "Massimini Gerbino, Martina"]
[Result "1/2-1/2"]
[WhiteElo "2057"]
[BlackElo "1512"]
[PlyCount "74"]
[EventDate "2003.01.22"]
[EventType "tourn (corr)"]
[EventRounds "10"]
[SourceTitle "Corr 2008"]
[Source "ChessBase"]
[SourceDate "2008.06.24"]
[SourceVersion "1"]
[SourceVersionDate "2008.06.24"]
[SourceQuality "1"]

1. e4 c5 2. Nf3 d6 3. d4 cxd4 4. Nxd4 Nf6 5. Nc3 g6 6. Be3 Bg7 7. f3 0-0 8. Qd2 Nc6 9. Bc4 Bd7 10. 0-0-0 Rc8 11. Bb3 Ne5 12. g4 b5 13. g5 Nh5 14. Ncxb5 Nc4 15. Bxc4 Rxc4 16. Nc3 Nf4 17. h4 Qb8 18. h5 Rxc3 19. bxc3 Nxh5 20. Nf5 gxf5 21. Rxh5 Qb7 22. Bd4 Rb8 23. Qe3 e5 24. Bxa7 f4 25. Qf2 Qb2+ 26. Kd2 Ba4 27. Ke1 Rb7 28. Kf1 Qb5+ 29. Kg2 Rxa7 30. Qxa7 Qe2+ 31. Qf2 Qxd1 32. Rh1 Qxc2 33. Qxc2 Bxc2 34. Rc1 Ba4 35. Rb1 Bf8 36. Rb4 Bc2 37. Rb2 Bd3 1/2-1/2